| 000 | 00695nam a22002297a 4500 | ||
|---|---|---|---|
| 003 | dpl | ||
| 005 | 20250904155406.0 | ||
| 008 | 240724b |||||||| |||| 00| 0 eng d | ||
| 010 | _aENG-146655 | ||
| 020 |
_a9789383166404 _c1150.00 |
||
| 035 | _aEN-130187 | ||
| 037 | _bDBAD | ||
| 040 |
_aDPL _c0 |
||
| 082 |
_a338.9 _21 |
||
| 100 |
_aRay, Amit Shovon _984844 |
||
| 245 |
_aDemystifying The Economics Of Technology/ _cAmit Shovon Ray _bPerspectives on Development with reflections from India |
||
| 250 | _a1 | ||
| 260 |
_aNew Delhi _bEsha Beteille _c2025 |
||
| 270 |
_a69, Jor Bagh _bNew Delhi _e110003 |
||
| 300 |
_a209p. _c22(HB) _bindex |
||
| 942 |
_2ddc _cEN _h338.9 _mRAY |
||
| 999 |
_c213354 _d213354 |
||